Statistics for Top 10 Countries with the Highest Minimum Wage

Click here to take the quiz!

General Stats

  • This quiz has been taken 21 times
  • The average score is 7 of 10

Answer Stats

HintAnswer% Correct
#8Germany
90%
#10United Kingdom
90%
#9Canada
81%
#1Australia
76%
#5France
76%
#4Ireland
71%
#7New Zealand
67%
#3Belgium
62%
#2Luxembourg
57%
#6Netherlands
57%

Score Distribution

Percentile by Number Answered

Percent of People with Each Score

Your Score History

You have not taken this quiz